| 000 | 00497nam a22001817a 4500 | ||
|---|---|---|---|
| 003 | SISC | ||
| 005 | 20160308134319.0 | ||
| 008 | 130829t xxu||||| |||| 00| 0 eng d | ||
| 020 | _a9789813029057 | ||
| 050 |
_aPN 6161 _b.F254 1993 |
||
| 082 |
_aHS 808.87 _bJ67 1993 |
||
| 100 |
_aBirch, Beverly _915527 |
||
| 245 |
_aJokes, comic tales & proverbs _cChong Kum Fatt. |
||
| 260 |
_aNew York : _bWings Books, _cc1988. |
||
| 300 |
_a126 p. : _bill. ; _c21 cm. |
||
| 942 |
_2lcc _cBK |
||
| 999 |
_c9926 _d9926 |
||